=LDR 00000nam 2200000 4500 =001 000763 =005 20250711103255 =035 ##$$a 0010-0725000631 =007 ta =008 250711################a##########0#ind## =020 ##$$a 978-602-244-926-3 =082 ##$$a 398. 209 598 =084 ##$$a 398. 209 598 KUD b =100 #$$a Kudo, Ammy =245 1#$$a Biji Merah Luna /$c Ammy Kudo =250 ##$$a Cetakan Pertama =260 ##$$a Jakarta Selatan :$b Kementrian Pendidikan, Kebudayaan, Riset, dan Teknologi,$c 2022 =300 ##$$a 22 hlm. : $b Ilus. ; $c 29,7 cm =990 ##$$a TBM2024006257